[Event "POL-chT2 South U19"]
[Site "Rudnik"]
[Date "2000.??.??"]
[Round "2.4"]
[White "Kon, Dawid"]
[Black "Kisiel, Lukasz"]
[Result "0-1"]
[WhiteElo "1600"]
[BlackElo "1800"]
[PlyCount "29"]
[EventDate "2000.07.20"]
[EventType "team-swiss"]
[EventRounds "10"]
[EventCountry "POL"]
[SourceTitle "EXT 2005"]
[Source "ChessBase"]
[SourceDate "2004.11.15"]
[SourceVersion "1"]
[SourceVersionDate "2004.11.15"]
[SourceQuality "1"]
[WhiteTeam "POL-chT2 South U19 4"]
[BlackTeam "POL-chT2 South U19 1"]
[WhiteTeamCountry "POL"]
[BlackTeamCountry "POL"]

1. c4 e5 2. g3 Nf6 3. Nc3 d5 4. cxd5 Nxd5 5. Nxd5 Qxd5 6. Nf3 e4 7. Nh4 e3 8. f3 Qa5 9. Ng2 Bc5 10. b3 0-0 11. Bb2 exd2+ 12. Qxd2 Bb4 13. Bc1 Rd8 14. Qxb4 Qxb4+ 15. Kf2 0-1